| 000 | 00468nam a2200157 i 4500 | ||
|---|---|---|---|
| 001 | 94669 | ||
| 003 | ES-MaACL | ||
| 005 | 20230906181530.0 | ||
| 007 | t| | ||
| 008 | 050511s1908 it ||||1| ita d | ||
| 100 | 1 |
_aLovera, Romeo. _974363 |
|
| 245 | 1 | 3 |
_aLa letteratura rumena _b: con breve crestomazia e dizionarietto esplicativo / _cRomeo Lovera. |
| 260 |
_aMilano : _b[s.n.], _c1908 ( _fTecnografica) |
||
| 300 |
_aX, 199 p. ; _c15 cm. |
||
| 852 |
_aES-MaACL _jD-4255 |
||
| 999 |
_c94669 _d94669 |
||